Американский характер. Импульс реформаторства: очерки культуры США; Духовно-интеллектуальные искания в американском обществе; "Философия жизни" Ральфа Эмерсона; Мир и человек в восприятии Эдгара По; По пути духовного сближения Америки и России; "Американская мечта" в контексте современной культуры США; Тема единения этносов Запада и Востока в романе-мифе Стейнбека "На Восток от Эдема"; Китай в творчестве Перл Бак; "Тростник" Джина Тумера в южном контексте; Феномен Джеймса Болдуина: на перекрестке культур; Афро-американский театр: европейские параллели и влияния; "Космический" поиск в литературе ренессанса чиканос США (70-е годы XX в.); Парадоксы этнического театра. Драматургия Дэвида Генри Хуана; Не по "щучьему велению", а по здравому разумению; "Наступление на Левиафана": проблемы культурного регионализма в работах "южных аграриев"; Американский характер: этика - мораль - закон; Американское измерение

書目詳細資料
企業作者: Российская академия наук (РАН) Научный совет по истории мировой культуры Комиссия по истории культуры США и Канады
其他作者: Туганова О. Э. (составитель)
語言:俄语
出版: Москва, Наука, 1995
TOC:О. Э. Туганова, Духовно-интеллектуальные искания в американском обществе;
"Философия жизни" Ральфа Эмерсона;
Э. Ф. Осипова, Мир и человек в восприятии Эдгара По;
Ст. Л. Лаперуз, По пути духовного сближения Америки и России;
М. А. Петрухина, "Американская мечта" в контексте современной культуры США;
И. Е. Бабушкина, Тема единения этносов Запада и Востока в романе-мифе Стейнбека "На Восток от Эдема";
Б. А. Гиленсон, Китай в творчестве Перл Бак;
М. М. Коренева, "Тростник" Джина Тумера в южном контексте;
Т. Н. Денисова, Феномен Джеймса Болдуина: на перекрестке культур;
Н. А. Высоцкая, Афро-американский театр: европейские параллели и влияния;
Т. В. Воронченко, "Космический" поиск в литературе ренессанса чиканос США (70-е годы XX в.);
Г. В. Коваленко, Парадоксы этнического театра. Драматургия Дэвида Генри Хуана;
М. И. Лапицкий, Не по "щучьему велению", а по здравому разумению;
М. П. Кизима, "Наступление на Левиафана": проблемы культурного регионализма в работах "южных аграриев";
Г. Г. Воробьев, Американский характер: этика - мораль - закон;
В. Я. Лазарев, Американское измерение;
主題:
格式: 圖書
KOHA link:https://koha.lib.tpu.ru/cgi-bin/koha/opac-detail.pl?biblionumber=2078

MARC

LEADER 00000nam0a2200000 4500
001 2078
005 20231030173626.0
010 |a 5020111805 
035 |a (RuTPU)RU\TPU\book\2087 
035 |a BOOK00002089 
090 |a 2078 
100 |a 20011209d1995 km y0rusy50 ca 
101 0 |a rus 
102 |a RU 
105 |a y z 001zy 
200 1 |a Американский характер. Импульс реформаторства  |e очерки культуры США  |f Российская академия наук (РАН), Научный совет по истории мировой культуры, Комиссия по истории культуры США и Канады ; сост. и ред. О. Э. Туганова  
210 |a Москва  |c Наука  |d 1995 
215 |a 319 с. 
320 |a Библиогр. в конце ст. 
464 |t Духовно-интеллектуальные искания в американском обществе  |o введение  |f О. Э. Туганова 
464 |t "Философия жизни" Ральфа Эмерсона 
464 |t Мир и человек в восприятии Эдгара По  |f Э. Ф. Осипова 
464 |t По пути духовного сближения Америки и России  |o фрагмент  |f Ст. Л. Лаперуз 
464 |t "Американская мечта" в контексте современной культуры США  |f М. А. Петрухина 
464 |t Тема единения этносов Запада и Востока в романе-мифе Стейнбека "На Восток от Эдема"  |f И. Е. Бабушкина 
464 |t Китай в творчестве Перл Бак  |f Б. А. Гиленсон 
464 |t "Тростник" Джина Тумера в южном контексте  |f М. М. Коренева 
464 |t Феномен Джеймса Болдуина: на перекрестке культур  |f Т. Н. Денисова 
464 |t Афро-американский театр: европейские параллели и влияния  |f Н. А. Высоцкая 
464 |t "Космический" поиск в литературе ренессанса чиканос США (70-е годы XX в.)  |f Т. В. Воронченко 
464 |t Парадоксы этнического театра. Драматургия Дэвида Генри Хуана   |f Г. В. Коваленко 
464 |t Не по "щучьему велению", а по здравому разумению   |o тема труда в американском фольклоре  |f М. И. Лапицкий 
464 |t "Наступление на Левиафана": проблемы культурного регионализма в работах "южных аграриев"  |f М. П. Кизима 
464 |t Американский характер: этика - мораль - закон  |f Г. Г. Воробьев 
464 |t Американское измерение  |f В. Я. Лазарев  |a Осипова, Э. Ф. 
610 1 |a американская культура 
610 1 |a США 
610 1 |a американское общество 
610 1 |a американская мечта 
610 1 |a очерки 
610 1 |a культура 
686 |a Ч11(7США)  |v LBC/SL-A  |2 rubbk 
686 |a Ф3(7США)  |v LBC/SL-A  |2 rubbk 
702 1 |a Туганова  |b О. Э.  |4 220 
702 1 |a Туганова  |b О. Э.  |4 340 
712 0 2 |a Российская академия наук (РАН)  |b Научный совет по истории мировой культуры  |b Комиссия по истории культуры США и Канады  |2 stltpush  |3 (RuTPU)RU\TPU\col\51 
801 0 |a RU  |b 63413507  |c 20011209  |g PSBO 
801 2 |a RU  |b 63413507  |c 20100318  |g PSBO 
942 |c BK